000 00393nam a2200169Ia 4500
041 _aeng
020 _a9788120810075
082 _a133.5
_bFRA
100 _aFrawley, David
245 0 _aAstrology of the Seers
250 _aRep.
260 _aDelhi
_bMotilal Banarsidass
_c2013
300 _a283 p.
650 _aAstrology
942 _cBK
008 190322s9999||||xx |||||||||||||| ||und||
999 _c38600
_d38600